000 00592nam a2200241 a 4500
001 nice12345678
003 IN_TiNIC
005 20260116012406.0
008 050524s1985 gura grp 000 0 eng
020 _a
_c100
082 0 0 _a239
_bSIN1
100 _aSingh, Daniel J
245 _aRefutation of the Fabrications of the Anti-Christs
260 _aGurdaspur
_bDaniel J Singh
_c1985
300 _a72p
500 _aincludes index and biblioraphy
505 2 _aAppendix
650 _aApologetics
700 1 _aSingh, Daniel J
902 _bSRS
942 _cBK
999 _c6834
_d6834